Obstetricia / (Registro nro. 5136)
[ vista simple ]
| 000 -CABECERA | |
|---|---|
| campo de control de longitud fija | 00918nam a2200301 a 4500 |
| 001 - NÚMERO DE CONTROL | |
| campo de control | 001448220 |
| 003 - IDENTIFICADOR DEL NÚMERO DE CONTROL | |
| campo de control | AR-RoIUNI |
| 005 - FECHA Y HORA DE LA ÚLTIMA TRANSACCIÓN | |
| campo de control | 20200206125316.0 |
| 007 - CAMPO FIJO DE DESCRIPCIÓN FÍSICA--INFORMACIÓN GENERAL | |
| campo de control de longitud fija | ta |
| 008 - DATOS DE LONGITUD FIJA--INFORMACIÓN GENERAL | |
| campo de control de longitud fija | 180724s2016 ag ao fr 001 0 spa |
| 015 ## - NÚMERO DE BIBLIOGRAFÍA NACIONAL | |
| Número de bibliografía nacional | AR-2016 |
| 020 ## - NÚMERO INTERNACIONAL ESTÁNDAR DEL LIBRO | |
| Número Internacional Estándar del Libro | 9789500298834 |
| 040 ## - FUENTE DE LA CATALOGACIÓN | |
| Centro catalogador/agencia de origen | AR-BaBN |
| Centro/agencia transcriptor | AR-RoIUNI |
| 044 ## - CÓDIGO DEL PAÍS DE LA ENTIDAD EDITORA/PRODUCTORA | |
| Código MARC del país | ag |
| Código ISO del país | ar-c |
| 080 0# - NÚMERO DE LA CLASIFICACIÓN DECIMAL UNIVERSAL | |
| Número de la Clasificación Decimal Universal | 618.2 FES |
| Identificador de la edición | 2000 |
| 100 1# - ENTRADA PRINCIPAL--NOMBRE DE PERSONA | |
| Nombre de persona | Fescina, Ricardo Horacio |
| 245 10 - MENCIÓN DE TÍTULO | |
| Título | Obstetricia / |
| Mención de responsabilidad, etc. | Ricardo Horacio Fescina, Ricardo Leopoldo Schwarcz, Carlos Alberto Duverges. |
| 250 ## - MENCIÓN DE EDICIÓN | |
| Mención de edición | 7a ed. |
| 260 ## - PUBLICACIÓN, DISTRIBUCIÓN, ETC. (PIE DE IMPRENTA) | |
| Lugar de publicación, distribución, etc. | Buenos Aires : |
| Nombre del editor, distribuidor, etc. | El Ateneo, |
| Fecha de publicación, distribución, etc. | 2016. |
| 300 ## - DESCRIPCIÓN FÍSICA | |
| Extensión | 782 p. : |
| Otras características físicas | il. byn, fot. ; |
| Dimensiones | 26 cm. |
| 500 ## - NOTA GENERAL | |
| Nota general | Índice alfabético: p. [765]-782. |
| 650 #4 - PUNTO DE ACCESO ADICIONAL DE MATERIA--TÉRMINO DE MATERIA | |
| Término de materia o nombre geográfico como elemento inicial | Obstetricia |
| 9 (RLIN) | 283 |
| 700 1# - PUNTO DE ACCESO ADICIONAL--NOMBRE DE PERSONA | |
| Nombre de persona | Schwarcz, Ricardo Leopoldo |
| 9 (RLIN) | 294 |
| 700 1# - PUNTO DE ACCESO ADICIONAL--NOMBRE DE PERSONA | |
| Nombre de persona | Duverges, Carlos Alberto |
| 930 #1 - EQUIVALENCIA O REFERENCIA CRUZADA-ENCABEZAMIENTO DE TÍTULO UNIFORME [LOCAL, CANADÁ] | |
| Lenguaje de la obra | BNA01 |
| Medio de interpretación para música | LIBRO |
| Enlace | 01115792 |
| Enlace entre campo y número de secuencia | 20180724 |
| Fecha de publicación/de la obra | 11 |
| Versión | 03 |
| Número de parte o sección de la obra | 005 |
| 942 ## - ELEMENTOS DE PUNTO DE ACCESO ADICIONAL (KOHA) | |
| Fuente del sistema de clasificación o colocación | Clasificación Decimal Universal |
| Tipo de ítem Koha | Libros |
| 956 ## - LOCALIZACIÓN Y ACCESO ELECTRÓNICOS LOCAL (OCLC) | |
| Nombre del host | VCANEPA |
| Número de acceso | 20 |
| Información sobre la compresión | 20180724 |
| Proceso de conexión (Logon) | BNA01 |
| Procesador de la petición | 1230 |
| Estado de retiro | Estado de pérdida | Fuente del sistema de clasificación o colocación | Estado dañado | Excepción de préstamo | Código de colección | Localización permanente | Ubicación/localización actual | Ubicación en estantería | Fecha de adquisición | Coste, precio normal de compra | Número de inventario | Total de préstamos | Renovaciones totales | Signatura topográfica completa | Código de barras | Fecha visto por última vez | Fecha del último préstamo | Coste, precio de reemplazo | Precio válido a partir de | Tipo de ítem Koha | En préstamo |
|---|---|---|---|---|---|---|---|---|---|---|---|---|---|---|---|---|---|---|---|---|---|
| Clasificación Decimal Universal | Medicina | BIBLIOTECA CENTRAL | BIBLIOTECA CENTRAL | BIBLIOTECA CENTRAL | 28/01/2020 | 1528.45 | 6705 | 2 | 3 | 618.2 FES | 6705c | 09/08/2022 | 08/07/2022 | 1985.00 | 28/01/2020 | Libros | |||||
| Clasificación Decimal Universal | Medicina | BIBLIOTECA CENTRAL | BIBLIOTECA CENTRAL | BIBLIOTECA CENTRAL | 28/01/2020 | 1528.45 | 6706 | 4 | 8 | 618.2 FES | 6706c | 16/12/2025 | 08/04/2025 | 1985.00 | 28/01/2020 | Libros | |||||
| Clasificación Decimal Universal | Medicina | BIBLIOTECA CENTRAL | BIBLIOTECA CENTRAL | BIBLIOTECA CENTRAL | 28/01/2020 | 1528.45 | 6707 | 6 | 6 | 618.2 FES | 6707c | 08/08/2023 | 21/07/2023 | 1985.00 | 28/01/2020 | Libros | |||||
| Clasificación Decimal Universal | Medicina | BIBLIOTECA CENTRAL | BIBLIOTECA CENTRAL | BIBLIOTECA CENTRAL | 28/01/2020 | 1528.45 | 6708 | 5 | 2 | 618.2 FES | 6708c | 06/04/2026 | 06/04/2026 | 1985.00 | 28/01/2020 | Libros | 13/04/2026 | ||||
| Clasificación Decimal Universal | Medicina | BIBLIOTECA CENTRAL | BIBLIOTECA CENTRAL | BIBLIOTECA CENTRAL | 28/01/2020 | 1528.45 | 6709 | 6 | 5 | 618.2 FES | 6709c | 06/04/2026 | 06/04/2026 | 1985.00 | 28/01/2020 | Libros | 13/04/2026 | ||||
| Clasificación Decimal Universal | Medicina | BIBLIOTECA CENTRAL | BIBLIOTECA CENTRAL | BIBLIOTECA CENTRAL | 28/01/2020 | 1528.45 | 6710 | 4 | 2 | 618.2 FES | 6710c | 23/04/2026 | 23/04/2026 | 1985.00 | 28/01/2020 | Libros | 30/04/2026 |

